Differential topology, foliations and Gelfand-Fuks cohomology
Enregistré dans:
| Auteur principal: | |
|---|---|
| Format: | Livre |
| Langue: | anglais |
| Publié: |
Berlín
Springer-Verlag
1978
|
| Collection: | Lecture Notes in Mathematics, 652
|
| Sujets: | |
| Tags: |
Ajouter un tag
Pas de tags, Soyez le premier à ajouter un tag!
|
MARC
| LEADER | 00000nam a2200000 a 4500 | ||
|---|---|---|---|
| 001 | UCQ9623 | ||
| 003 | CL-VaPUC | ||
| 005 | 20230629111848.0 | ||
| 008 | 990112e19780000gw 1 eng d | ||
| 082 | 0 | 4 | |a 514.7 |b SCH |2 21 |
| 100 | 1 | |a Schweitzer, Paul A |e author |9 619287 | |
| 245 | 1 | 0 | |a Differential topology, foliations and Gelfand-Fuks cohomology |
| 260 | |a Berlín |b Springer-Verlag |c 1978 | ||
| 300 | |a 252 p | ||
| 490 | 0 | |a Lecture Notes in Mathematics, 652 | |
| 583 | |a last modification |c 19990112 00:00:00 |k Rodrigo Vera | ||
| 650 | 0 | 0 | |a Topología diferencial |9 423983 |
| 650 | 0 | 0 | |a Topología algebraica |9 269858 |
| 650 | 0 | 7 | |a TEORIA DE LA HOMOLOGIA |2 CL-VaPUC |9 422809 |
| 650 | 0 | 0 | |a Congresos |9 257560 |
| 942 | |c BK | ||
| 945 | |a crobeson |d 19990112 00:00:00 | ||
| 546 | |a En Inglés | ||
| 518 | |p Symposium on Differential and Algebraic Topology, Rio de Janeiro, 5 al 24 de enero de 1976 | ||
| 999 | |c 383336 |d 383334 | ||
| 952 | |0 0 |1 0 |4 0 |6 514_700000000000000_SCH_1978 |7 0 |8 A |9 505429 |a BIBMAT |b BIBMAT |d 2020-01-23 |i 1316966 |o 514.7 SCH 1978 |p 1316966 |r 2025-01-07 |w 2020-01-23 |y BK |k MAT | ||